[Event "New York Winter Invitational IM-D 2022"]
[Site "New York"]
[Date "2022.01.14"]
[Round "1.1"]
[White "Hardaway, Brewington"]
[Black "Canty, James"]
[Result "1-0"]
[WhiteElo "2207"]
[BlackElo "2201"]
[Annotator "ChessBase"]
[PlyCount "93"]
[EventDate "2022.01.11"]
[EventType "tourn"]
[EventCountry "USA"]
[SourceTitle "playchess.com"]
[Source "ChessBase"]
[SourceQuality "1"]
[TimeControl "5400+30"]

1. e4 {[%emt 0:00:05]} c5 {[%emt 0:00:04]} 2. Nf3 {[%emt 0:00:04]} g6 {[%emt 0:00:11]} 3. d4 {[%emt 0:00:04]} cxd4 {[%emt 0:00:11]} 4. Nxd4 {[%emt 0:00:03]} Nc6 {[%emt 0:00:08]} 5. c4 {[%emt 0:00:13]} Bg7 {[%emt 0:00:09]} 6. Be3 {[%emt 0:00:05]} Qb6 {[%emt 1:32:47]} 7. Nb3 {[%emt 0:03:04]} Qd8 {[%emt 0:00:00]} 8. Nc3 {[%emt 0:00:21]} Bxc3+ {[%emt 0:00:00]} 9. bxc3 {[%emt 0:00:02]} Nf6 {[%emt 0:00:00]} 10. f3 {[%emt 0:00:56]} d6 {[%emt 0:00:00]} 11. Qd2 {[%emt 0:03:12]} b6 {[%emt 0:00:00]} 12. Bh6 {[%emt 0:04:04]} Rg8 {[%emt 0:00:00]} 13. Rd1 {[%emt 0:06:02]} Qc7 {[%emt 0:00:00]} 14. Nd4 {[%emt 0:04:35]} Ne5 {[%emt 0:00:00]} 15. Nb5 {[%emt 0:04:34]} Qc6 {[%emt 0:00:00]} 16. Bg5 {[%emt 0:02:30]} Nfd7 {[%emt 0:00:00]} 17. Qd5 {[%emt 0:11:29]} Qxd5 {[%emt 0:00:00]} 18. cxd5 {[%emt 0:00:27]} f6 {[%emt 0:00:00]} 19. Nc7+ {[%emt 0:06:52]} Kd8 {[%emt 0:00:00]} 20. Ne6+ {[%emt 0:00:05]} Ke8 {[%emt 0:00:00]} 21. Be3 {[%emt 0:02:43]} Rb8 {[%emt 0:00:00]} 22. Rb1 {[%emt 0:05:55]} f5 {[%emt 0:00:00]} 23. Bb5 {[%emt 0:03:17]} Kf7 {[%emt 0:00:00]} 24. Ng5+ {[%emt 0:05:59]} Kg7 {[%emt 0:00:00]} 25. f4 {[%emt 0:01:57]} a6 {[%emt 0:00:00]} 26. Ne6+ {[%emt 0:09:22]} Kf7 {[%emt 0:00:00]} 27. Be2 {[%emt 0:01:59]} Ng4 {[%emt 0:00:00]} 28. Ng5+ {[%emt 0:00:06]} Kg7 {[%emt 0:00:00]} 29. Bd4+ {[%emt 0:02:30]} Ngf6 {[%emt 0:00:00]} 30. e5 {[%emt 0:06:51]} dxe5 {[%emt 0:00:00]} 31. fxe5 {[%emt 0:00:06]} Nxd5 {[%emt 0:00:00]} 32. c4 {[%emt 0:00:50]} Nc7 {[%emt 0:00:00]} 33. e6+ {[%emt 0:00:55]} Nf6 {[%emt 0:00:00]} 34. Be5 {[%emt 0:00:24]} Rb7 {[%emt 0:00:00]} 35. Bf3 {[%emt 0:00:04]} Ra7 {[%emt 0:00:00]} 36. Rxb6 {[%emt 0:00:27]} h6 {[%emt 0:00:00]} 37. h4 {[%emt 0:02:40]} a5 {[%emt 0:00:00]} 38. Nh3 {[%emt 0:05:53]} Nxe6 {[%emt 0:00:00]} 39. Bd5 {[%emt 0:00:16]} Kf7 {[%emt 0:00:00]} 40. Bxf6 {[%emt 0:00:14]} exf6 {[%emt 0:00:00]} 41. Nf4 {[%emt 0:00:30]} Re8 {[%emt 0:00:00]} 42. Kf2 {[%emt 0:00:11]} Rae7 {[%emt 0:00:00]} 43. h5 {[%emt 0:05:21]} gxh5 {[%emt 0:00:00]} 44. Re1 {[%emt 0:01:11]} h4 {[%emt 0:00:00]} 45. Nxe6 {[%emt 0:01:18]} Bxe6 {[%emt 0:00:00]} 46. Rbxe6 {[%emt 0:00:02]} Rxe6 {[%emt 0:00:00]} 47. Kf3 {[%emt 0:00:03]} 1-0

[Event "New York Winter Invitational IM-D 2022"]
[Site "New York"]
[Date "2022.01.15"]
[Round "3.1"]
[White "Rosenberg, Evan S"]
[Black "Paragua, Mark"]
[Result "0-1"]
[WhiteElo "2099"]
[BlackElo "2467"]
[Annotator "TA"]
[PlyCount "86"]
[EventDate "2022.01.11"]
[EventType "tourn"]
[EventCountry "USA"]
[SourceTitle "playchess.com"]
[Source "ChessBase"]
[SourceQuality "1"]

{[%evp 12,86,47,38,38,-21,-22,-22,-23,-92,-9,-64,-77,-70,-71,-70,-83,-69,-77,-84,-80,-79,-58,-101,-82,-87,-86,-81,-90,-90,-70,-53,-29,-38,-14,-14,-20,-16,-21,-16,-20,-20,-20,-80,-83,-61,-60,-245,-244,-244,-244,-406,-366,-321,-298,-625,-611,-577,-514,-854,-806,-662,-610,-2129,-2082,-5935,-9381,-6614,-6533,-29974,-29974,-29981,-29982,-29984,-29985,-29985,-29986]} 1. Nf3 Nf6 2. c4 g6 3. Nc3 Bg7 4. e4 d6 5. d4 O-O 6. h3 Na6 7. Bg5 c6 {[#] E90: King's Indian: Classical: Early deviations and 6 h3.} 8. e5 $146 (8. a3 $14) ({Predecessor:} 8. Bd3 e5 9. O-O exd4 10. Nxd4 Nc5 11. Bc2 Re8 12. Re1 Qb6 13. Nb3 Nxb3 14. axb3 Re6 15. Qd2 {1-0 (28) Ivanisevic,I (2593)-Kryakvin,D (2596) Moscow 2019}) 8... dxe5 $11 9. dxe5 Nd7 {The position is equal.} 10. Be2 (10. e6 $1 $11 fxe6 11. Be2) 10... h6 (10... Nxe5 $17 11. O-O Qc7) 11. Bh4 (11. Be3 $11) 11... Nxe5 $15 12. Nxe5 Bxe5 13. Qxd8 Rxd8 {[%cal Bf8d8,Bd8e8,Be8e6][%mdl 32]} 14. Bxe7 Re8 15. Ba3 Bf5 16. Rd1 Re6 {aiming for ...Rae8.} 17. Kf1 (17. Rd2 $15 {is superior.}) 17... Bxc3 18. bxc3 Rae8 19. Bg4 Bc2 {Black is more active.} 20. Bxe6 Bxd1 21. Bg4 Bxg4 22. hxg4 {[%mdl 4096] Endgame KRB-KRN} Re4 (22... Kg7 $5 {[%cal Re8e4]}) 23. Rxh6 Rxg4 24. Be7 $1 {[#] White threatens Bf6 and mate.} Kg7 {To avoid Bf6+} (24... Rxc4 $2 {leads to mate.} 25. Bf6) 25. Rh4 Rxh4 26. Bxh4 $11 {KB-KN} Nc5 27. f3 (27. Ke2 $11 {keeps the balance.}) 27... Na4 $17 28. Bf2 c5 29. Bg3 $2 {[#] This move loses the game for White.} (29. Ke2 $1 $15) 29... Kf6 $19 30. Bb8 a6 {White must now prevent ...Ke6.} ({Inferior is} 30... Nxc3 31. Bxa7 Na4 32. Ke2 $11) 31. Ba7 $2 (31. Ke2 {is a better defense.}) 31... Ke6 32. Ke2 Kd7 ({Weaker is} 32... Nxc3+ 33. Ke3 $17) 33. Bb8 $2 (33. Kd3 Kc7 34. Kc2) 33... Nxc3+ 34. Kd3 Nxa2 35. Ke4 (35. Bf4 $142 Nb4+ 36. Kd2) 35... Nb4 36. Be5 b5 {[%cal Bb7b5,Bb5c4][%mdl 32]} 37. Bc3 bxc4 38. g4 a5 {[%cal Ba6a5,Ba5a4,Ba4a3,Ba3a2][%mdl 32]} 39. f4 a4 40. f5 a3 {Black mates.} 41. fxg6 fxg6 42. g5 Ke6 43. Bf6 a2 {Weighted Error Value: White=0.99/Black=0.09 (flawless)} 0-1

[Event "New York Winter Invitational IM-D 2022"]
[Site "New York"]
[Date "2022.01.15"]
[Round "3.2"]
[White "Huston, Gus"]
[Black "Miller, Rachel"]
[Result "1-0"]
[WhiteElo "2155"]
[BlackElo "2019"]
[Annotator "TA"]
[PlyCount "63"]
[EventDate "2022.01.11"]
[EventType "tourn"]
[EventCountry "USA"]
[SourceTitle "playchess.com"]
[Source "ChessBase"]
[SourceQuality "1"]

{[%evp 10,63,26,8,15,0,0,0,0,0,0,0,20,19,26,0,15,-28,-32,-36,47,53,63,43,74,38,41,41,33,0,0,0,0,0,0,0,0,0,0,0,0,0,377,386,580,545,542,544,532,390,1372,1353,1579,1558,29998,29999]} 1. e4 e5 2. Nf3 Nc6 3. Bc4 Bc5 4. O-O Nf6 5. d3 d6 6. a4 (6. c3 {feels hotter.} O-O 7. a4 a5 8. Bg5 h6 9. Bh4) 6... a5 {C50: Hungarian Defence and Giuoco Pianissimo.} 7. Be3 Bxe3 8. fxe3 O-O {The position is equal.} 9. Nc3 h6 {[#]} 10. Qe1 $146 ({Predecessor:} 10. d4 Bg4 11. Qd2 Bh5 12. Qf2 Ng4 13. Qe1 Nb4 14. Bb3 Kh8 15. h3 Nf6 16. dxe5 dxe5 17. Nxe5 {1-0 (56) Svidler,P (2714)-Le,Q (2709) Saint Louis 2021}) 10... Re8 11. Nh4 Be6 12. Bb5 Rf8 13. Nf5 (13. Rd1 {was preferrable.}) 13... Nb4 $11 {Strongly threatening ...Bxf5.} 14. Qg3 {[%csl Gf5,LRg7,LRh6][%cal Rg3g7]} Bxf5 ({Black should play} 14... g6 $15) 15. Rxf5 $14 c6 {[#]} 16. Raf1 $1 {aiming for Rxf6.} Kh7 17. Bc4 {[%cal Bb5c4,Bc4b3,Bb3f7,Bf7e6][%mdl 32] White is more active.} Nxc2 {[#]} 18. Rxf6 $1 gxf6 19. Qh3 {Hoping for Qf5+.} Rg8 $1 {White must now prevent ...Qe7.} 20. Bb3 Nb4 21. Bxf7 Rg5 {Prevents Qf5+.} 22. Qe6 Qc8 {...Qxe6 is the strong threat.} (22... Nxd3 $2 23. Rxf6 Qf8 24. h4 $18) 23. Qxf6 Qg4 {[%csl Gg5][%cal Rg4g2]} (23... Qh3 $2 {[#]} 24. Qxg5 $3 {[%mdl 512]} Qxh2+ 25. Kxh2 $18) 24. g3 {Dancing on a razor blade.} Rg7 25. Rf5 $40 {[%mdl 128] To avoid Qg5. Black needs to defend precisely.} Rg5 $2 {[%mdl 8192]} (25... Rf8 $11 {and Black is okay.} 26. Bg6+ (26. Qe7 Qxf5 27. exf5 Rgxf7 $11) 26... Qxg6 27. Qxf8 Nxd3) 26. Be6 $18 Qh5 (26... Rg6 $142 27. Qe7+ Rg7 28. Qxd6 Re8) 27. Qe7+ Kh8 28. Rf7 {[%csl Ge7][%cal Rf7h7]} Qg6 {Prevents Rh7+.} 29. Kh1 {And now Bf5 would win.} Nxd3 $2 (29... Qg8 30. Qxd6 Rd8) 30. Bf5 Rxf5 31. exf5 Qg8 32. Qf6+ {Weighted Error Value: White=0.14 (very precise) /Black=0.66} 1-0

[Event "New York Winter Invitational IM-D 2022"]
[Site "New York"]
[Date "2022.01.15"]
[Round "3.3"]
[White "Chiku-Ratte, Olivier-Kenta"]
[Black "Xu, Grant"]
[Result "1/2-1/2"]
[WhiteElo "2377"]
[BlackElo "2231"]
[Annotator "TA"]
[PlyCount "163"]
[EventDate "2022.01.11"]
[EventType "tourn"]
[EventCountry "USA"]
[SourceTitle "playchess.com"]
[Source "ChessBase"]
[SourceQuality "1"]

{[%evp 11,163,33,36,5,2,7,0,0,0,0,9,0,0,0,71,69,89,0,0,-23,-27,-34,-13,-5,0,0,0,-6,-18,-11,7,4,4,0,42,45,47,43,38,0,-6,0,353,334,316,372,385,385,366,93,97,95,110,88,78,0,73,75,88,64,141,30,32,22,32,0,0,-7,0,0,0,-25,-20,-17,0,0,0,0,0,0,0,0,0,0,0,0,0,-8,-8,-8,0,0,0,0,0,0,0,0,0,0,14,14,14,0,28,14,40,0,35,14,14,14,20,20,22,14,15,9,12,15,15,0,0,0,0,0,0,0,0,0,0,0,0,-8,-8,-8,-8,-8,0,0,0,0,0,0,0,0,0,0,0,-8,-8,-8,-8,-8]} 1. d4 Nf6 2. c4 e6 3. Nf3 b6 4. g3 Ba6 5. Qc2 Bb7 6. Bg2 c5 7. d5 {E15: Queen's Indian: 4 g3 sidelines, 4 g3 Ba6 and 4 g3 Bb7 early deviations.} exd5 8. cxd5 Nxd5 9. O-O {And now Ng5 would win.} Be7 {Prevents Ng5.} 10. Rd1 {next Qe4 is good for White.} Nc6 11. Qf5 (11. Rxd5 $2 Nb4 12. Qd1 Bxd5 $17) 11... Nf6 12. e4 $1 {[%cal Be2e4,Be4e5][%mdl 32] Prevents d5.} O-O (12... g6 $11 {remains equal.} 13. Qf4 O-O) 13. e5 $1 $16 {[%mdl 1024] White has strong compensation.} g6 14. Qf4 ({White should try} 14. Qh3 $16) 14... Nh5 $11 15. Qc4 Qc7 $36 {[%mdl 2048] Black is more active. 15...d5 is the modern continuation.} 16. Bh6 Ng7 (16... Nxe5 17. Nxe5 Bxg2 18. Bxf8 Rxf8 19. Nxg6 $1 hxg6 20. Kxg2 $16) (16... Na5 $5 {[%cal Ra5c4]} 17. Qe2 Rfe8 $11) 17. Nc3 Nxe5 18. Nxe5 Bxg2 19. Bf4 {[#] Chess con chili.} d6 20. Ng4 {[#] Pair of Knights!} Bf3 $146 ({Predecessor:} 20... Qb7 21. Nh6+ Kh8 22. Nxf7+ Rxf7 23. Qxf7 Rf8 24. Qc4 Rf5 25. Bxd6 Bf6 26. g4 Bh1 {1-0 (46) Postny,E (2585)-Pacher,M (2415) Zagreb 2011}) 21. Nh6+ Kh8 {aiming for ...Qd7.} 22. Rd3 Qb7 (22... Bc6 $11 {might be stronger.} 23. Nxf7+ Rxf7 24. Qxf7 Rf8) 23. Nxf7+ $14 Rxf7 24. Qxf7 Rf8 25. Qb3 (25. Qc4 $14 {feels stronger.}) 25... g5 $1 $11 26. Bd2 Nf5 $2 {[%mdl 8192]} ({Don't do} 26... Bh1 27. Nd5 b5 28. Re1 $14 (28. Kxh1 $2 c4 $19)) (26... Rf5 $1 $11 27. Nb5 Bd5 28. Rxd5 Qxd5 29. Qxd5 Rxd5) 27. Nb5 $1 $18 Nd4 28. Nxd4 cxd4 29. Re1 $1 Be4 {[#]} 30. Rxe4 $1 {[%mdl 512]} Qxe4 $16 {[#]} 31. Rxd4 $1 Qf5 (31... Qxd4 $2 32. Bc3 Bf6 33. Bxd4 Bxd4 34. Qd5 Bxf2+ 35. Kh1 $18) (31... Qb1+ 32. Kg2) 32. Qe3 Kg8 {[%cal Od6d5]} 33. Qb3+ ({White should play} 33. Bb4 $16) 33... Rf7 (33... Kh8 $11 {keeps the balance.} 34. Be3 Rf7) 34. Be3 {Active counter play!} h5 35. Rd5 (35. Qd1 {with more complications.} h4 36. g4 Qb5 37. b3 h3 38. Qf1) 35... Qf3 {[#]} ({Better is} 35... Qb1+ $1 $14 36. Rd1 Qf5) 36. Qd1 (36. h3 $1 $16) 36... Qxd1+ $11 37. Rxd1 {[%cal Bd5d1,Bd1c1,Bc1c7][%mdl 4128] Endgame KRB-KRB} Rf5 38. Rc1 Ra5 39. a3 Kf7 40. Rc7 Ke6 41. Bd2 Rd5 42. Be3 Ra5 43. Bd2 Rb5 44. b4 a5 45. Rb7 axb4 46. Bxb4 h4 47. gxh4 gxh4 48. h3 Bf6 49. Rh7 Rf5 50. Kf1 d5 51. Ke2 d4 52. Rb7 b5 53. Rb6+ Kf7 54. Rb7+ Kg6 55. Rb6 Rd5 56. Kd3 {Black must now prevent Be7.} Kf5 57. Bd2 Rc5 58. Rb7 Kg6 59. Rb6 Kf5 60. Rb8 Rd5 {The position is equal.} 61. Bb4 Kf4 62. Rf8 Kg5 $1 63. f4+ Kg6 $1 64. Ke4 Rd7 65. Rg8+ Kf7 66. Rg1 Rc7 67. Kf5 Rd7 68. Rc1 d3 69. Ke4 d2 70. Rd1 Bb2 ({But not} 70... Rd4+ 71. Ke3 $14) 71. Ke3 ({Don't go for} 71. Bxd2 $2 Bxa3 72. Kf3 {[#]} Bb4 $1 $19) 71... Bc1 72. Bxd2 Bxa3 {[%cal Oa3b4] Threatens to win with ...Bb4!} 73. Rb1 {Prevents Bb4.} Bc5+ 74. Ke2 Rb7 75. Be1 Be7 76. Bb4 Bf6 77. Kf3 Rd7 78. Rb3 Ke6 79. Bc5 Rd5 80. Rxb5 Kf5 81. Ra5 Bc3 82. Bb4 {Black defended with fortune.  Weighted Error Value: White=0.23 (precise) /Black=0.22 (precise)} 1/2-1/2

[Event "New York Winter Invitational IM-D 2022"]
[Site "New York"]
[Date "2022.01.15"]
[Round "3.4"]
[White "Hardaway, Brewington"]
[Black "Managadze, Nikoloz"]
[Result "1/2-1/2"]
[WhiteElo "2207"]
[BlackElo "2453"]
[Annotator "TA"]
[PlyCount "109"]
[EventDate "2022.01.11"]
[EventType "tourn"]
[EventCountry "USA"]
[SourceTitle "playchess.com"]
[Source "ChessBase"]
[SourceQuality "1"]

{[%evp 16,109,39,47,40,43,45,49,54,34,28,20,17,20,32,0,0,0,0,0,0,0,0,0,0,-24,0,-45,-45,-68,-66,-54,-28,-37,0,0,0,-28,-12,-38,0,0,-8,-55,-36,-35,-56,-47,-22,-29,-20,-21,-27,-62,-63,-73,-18,-18,-18,-19,-18,-37,-20,-26,-28,-61,-45,-73,-59,-109,-71,-95,-18,-18,-18,-19,-19,-19,-19,-20,-20,-28,-27,-34,0,0,0,0,0,0,0,-8,-8,-8,0,0]} 1. e4 c5 2. Nf3 d6 3. d4 cxd4 4. Nxd4 Nf6 5. Nc3 Nc6 6. Bg5 e6 7. Qd3 a6 8. O-O-O Bd7 9. f4 {[%cal Bf2f4,Bf4g5][%mdl 32]} h6 {9...Be7 is more advanced technology. B62: Sicilian: Richter-Rauzer: 6...e6: Unusual White 7th moves.} 10. Bh4 g5 11. fxg5 Ng4 {White is slightly better.} 12. Nxc6 Bxc6 13. Be2 Ne5 14. Qd4 hxg5 15. Bg3 Qc7 16. h4 {[#]} Be7 $146 {[%cal Rg5h4]} ({Predecessor:} 16... gxh4 17. Bxh4 Rg8 18. Bf6 Be7 19. Bxe7 Kxe7 20. Qf2 b5 21. a3 Rac8 22. Rh7 Ke8 {½-½ (29) Nazarov,R (1892)-Bajarani,U (2392) Akhisar Manisa 2009}) 17. hxg5 Rxh1 18. Rxh1 Bxg5+ 19. Kb1 {Rh8+ is the strong threat.} O-O-O 20. Bf2 Rg8 (20... Bf6 $5 {[%cal Re5g4]}) 21. Rh3 (21. Qd1 $11) 21... Bf6 $15 22. Rg3 Rxg3 23. Bxg3 {[%cal Bf2g3,Bg3f4,Bf4e3,Be3b6][%mdl 32]} Qd8 (23... Kd7 {feels hotter.} 24. a3 Ke7 25. Qf2 Qa5 26. Bh4 Nd7) 24. a4 Qg8 25. Bf4 Qd8 26. Qb4 Be7 27. Be3 Ng6 28. Bb6 Qh8 29. Ka2 (29. Nb5 $11) 29... Kd7 30. Bb5 axb5 31. axb5 Qa8+ 32. Kb1 {[#]} Ke8 $1 33. bxc6 bxc6 34. Bc7 Kd7 35. Bb6 c5 ({Black should try} 35... Qa6 $17) 36. Qb5+ $11 Qc6 {aiming for ...Qxb5.} 37. Qa5 Ke8 {[%cal Bd7e8,Be8f8,Bf8g7][%mdl 32]} 38. Qa7 Kf8 39. Qb8+ $1 Kg7 40. Bc7 Ne5 41. Ba5 Nc4 42. Qc7 ({Better is} 42. Bd8 $15 Qe8 43. Bc7) 42... Qe8 43. Nd1 {[#]} Nxa5 (43... Bf6 $1 $17 {Hoping for ...Qb5.} 44. Bc3 Bxc3 45. Nxc3 Qh8) 44. Qxa5 Qc6 45. Qc3+ Bf6 46. Qg3+ Kf8 47. Qf3 Ke7 48. Qe2 Qb7 49. Qd3 d5 (49... Qb8 {looks sharper.} 50. c3 Qh8 51. Qe2 Bg5 52. Nf2 Qh2) 50. exd5 {The position is equal.} Qxd5 51. Qxd5 exd5 52. c3 Bg5 53. Kc2 Kd6 54. b3 Ke5 55. Kd3 {Weighted Error Value: White=0.10 (very precise) /Black=0.13 (very precise)} 1/2-1/2

[Event "New York Winter Invitational IM-D 2022"]
[Site "New York"]
[Date "2022.01.15"]
[Round "4.1"]
[White "Paragua, Mark"]
[Black "Chasin, Nico"]
[Result "1/2-1/2"]
[WhiteElo "2467"]
[BlackElo "2232"]
[Annotator "TA"]
[PlyCount "40"]
[EventDate "2022.01.11"]
[EventType "tourn"]
[EventCountry "USA"]
[SourceTitle "playchess.com"]
[Source "ChessBase"]
[SourceQuality "1"]

{[%evp 11,40,-8,0,0,0,-2,0,0,0,-60,0,0,14,0,8,8,8,7,2,0,0,0,6,0,0,0,0,-7,-8,-85,6]} 1. d4 Nf6 2. Nf3 e6 3. Bf4 d5 4. e3 Bd6 5. Bg3 O-O 6. Nbd2 b6 7. c3 {D02: 1 d4 d5 2 Nf3 sidelines, including 2...Nf6 3 g3 and 2...Nf6 3 Bf4.} Bb7 8. a4 c5 9. Bd3 {The position is equal.} Qc7 {[#]} 10. dxc5 $146 (10. Ne5 $11) ({Predecessor:} 10. Bxd6 Qxd6 11. Ne5 Ba6 12. Bc2 Nc6 13. f4 Nd7 14. Kf2 Ndxe5 15. fxe5 Qe7 16. Re1 {1-0 (38) Ali Marandi,C (2531)-Korley,K (2468) Saint Louis 2019}) 10... Qxc5 (10... bxc5 $15 11. Bxd6 Qxd6) 11. a5 $11 bxa5 12. Nb3 {[%csl LRa5,LRc5]} Qc7 13. Bxd6 Qxd6 14. Nxa5 Ba6 15. O-O Bxd3 16. Qxd3 Nbd7 17. Rfd1 Rfc8 18. c4 Ne5 19. Nxe5 Qxe5 20. cxd5 (20. Qe2 $11) 20... Qxd5 {Weighted Error Value: White=0.17 (very precise) /Black=0.07 (flawless)} (20... Ng4 $17 21. g3 Qxb2) 1/2-1/2

[Event "New York Winter Invitational IM-D 2022"]
[Site "New York"]
[Date "2022.01.15"]
[Round "4.2"]
[White "Managadze, Nikoloz"]
[Black "Canty, James"]
[Result "0-1"]
[WhiteElo "2453"]
[BlackElo "2201"]
[Annotator "ChessBase"]
[PlyCount "78"]
[EventDate "2022.01.11"]
[EventType "tourn"]
[EventCountry "USA"]
[SourceTitle "playchess.com"]
[Source "ChessBase"]
[SourceQuality "1"]
[TimeControl "5400+30"]

1. c4 {[%emt 0:07:25]} Nf6 {[%emt 0:00:07]} 2. Nc3 {[%emt 0:00:16]} g6 {[%emt 0:00:08]} 3. g3 {[%emt 0:01:34]} Bg7 {[%emt 0:00:35]} 4. Bg2 {[%emt 0:00:07]} O-O {[%emt 0:01:05]} 5. d4 {[%emt 0:00:14]} d6 {[%emt 0:00:09]} 6. Nf3 {[%emt 0:00:17]} Nc6 {[%emt 0:00:16]} 7. d5 {[%emt 0:00:15]} Na5 {[%emt 0:00:23]} 8. Qd3 {[%emt 0:02:06]} c5 {[%emt 0:01:32]} 9. dxc6 {[%emt 0:07:01]} Nxc6 {[%emt 0:01:03]} 10. O-O {[%emt 0:00:32]} Bg4 {[%emt 0:06:23]} 11. h3 {[%emt 0:08:14]} Be6 {[%emt 0:09:49]} 12. Ng5 {[%emt 0:09:15]} Bd7 {[%emt 0:04:59]} 13. Nd5 {[%emt 0:00:07]} Rc8 {[%emt 0:01:52]} 14. Bf4 {[%emt 0:06:14]} Nxd5 {[%emt 0:02:43]} 15. cxd5 {[%emt 0:01:18]} Nd4 {[%emt 0:03:44]} 16. a4 {[%emt 0:04:30]} Rc2 {[%emt 0:04:56]} 17. Be3 {[%emt 0:06:21]} Nxe2+ {[%emt 0:01:22]} 18. Kh2 {[%emt 0:00:04]} Rxb2 {[%emt 0:01:41]} 19. Rab1 {[%emt 0:03:27]} Rxb1 {[%emt 0:20:31]} 20. Rxb1 {[%emt 0:00:18]} Nc3 {[%emt 0:00:04]} 21. Rxb7 {[%emt 0:00:05]} Nxa4 {[%emt 0:07:32]} 22. Rxa7 {[%emt 0:01:54]} Nc5 {[%emt 0:01:54]} 23. Qc4 {[%emt 0:08:36]} Bf5 {[%emt 0:06:07]} 24. Bxc5 {[%emt 0:01:01]} dxc5 {[%emt 0:00:05]} 25. Qxc5 {[%emt 0:00:12]} e6 {[%emt 0:00:53]} 26. h4 {[%emt 0:02:51]} h6 {[%emt 0:00:02]} 27. Ne4 {[%emt 0:15:52]} exd5 {[%emt 0:01:25]} 28. Nd6 {[%emt 0:00:09]} Be6 {[%emt 0:00:07]} 29. f4 {[%emt 0:05:16]} Bf6 {[%emt 0:03:14]} 30. Nb5 {[%emt 0:02:48]} Qb8 {[%emt 0:12:38]} 31. Bxd5 {[%emt 0:01:21]} Rc8 {[%emt 0:01:13]} 32. Rc7 {[%emt 0:00:02]} Rxc7 {[%emt 0:00:14]} 33. Nxc7 {[%emt 0:00:05]} Qb2+ {[%emt 0:00:45]} 34. Bg2 {[%emt 0:00:05]} Bd4 {[%emt 0:01:27]} 35. Qb5 {[%emt 0:01:28]} Bb3 {[%emt 0:02:05]} 36. Qe8+ {[%emt 0:04:58]} Kg7 {[%emt 0:00:13]} 37. Qe1 {[%emt 0:00:47]} Qc2 {[%emt 0:02:35]} 38. Ne8+ {[%emt 0:01:04]} Kh7 {[%emt 0:00:52]} 39. Qe7 {[%emt 0:00:52]} Bd5 {[%emt 0:00:33]} 0-1